Validación de un modelo de daño para la evaluación del estado de deterioro del pacto de concordia custodiado pro el Archivo Nacional de Costa Rica
שמור ב:
| מחבר ראשי: | |
|---|---|
| מחברים אחרים: | |
| פורמט: | ספר |
| שפה: | Spanish |
| יצא לאור: |
San José, [Costa Rica]
2023
|
| נושאים: | |
| תגים: |
הוספת תג
אין תגיות, היה/י הראשונ/ה לתייג את הרשומה!
|
MARC
| LEADER | 00000nam a2200000Ia 4500 | ||
|---|---|---|---|
| 003 | 013893 | ||
| 005 | 20240702115139.0 | ||
| 008 | 140114s2023 cr a 000 ||spa d | ||
| 040 | |c cru CEDI | ||
| 100 | |a Bermúdez Vargas, Rocío Dayana, 1997- |9 3417 | ||
| 245 | |a Validación de un modelo de daño para la evaluación del estado de deterioro del pacto de concordia custodiado pro el Archivo Nacional de Costa Rica | ||
| 260 | |a San José, [Costa Rica] |c 2023 | ||
| 500 | |a Proyecto de graduación (licenciatura en ingeniería química)--Universidad de Costa Rica. Facultad de Ingeniería. Escuela de Ingeniería Química | ||
| 501 | |a Directora de Proyecto de Graduación: Quimª. Paola Fuentes Scheweizer , M.Sc. | ||
| 650 | |x ANALISIS ESPECTRAL |x PACTO DE CONCORDIA |x ESPECTROSCOPIA DE INFRARROJOS |x PROPIEDADES FISICOQUIMICAS |x DETERIORO DE DOCUMENTOS - EVALUACION | ||
| 700 | |a Fuentes Scheweizer, Paola, 1975- |d Directora del TFG |9 3419 | ||
| 942 | |c TFG |h TFG 9034 |i 013893 |6 TFG_9034_013893000000000 | ||
| 999 | |c 11722 |d 11722 | ||
